| 000 | 01075nam a22002537a 4500 | ||
|---|---|---|---|
| 003 | OSt | ||
| 005 | 20210312093551.0 | ||
| 008 | 210312s2012 ck ||||grl||| 00| 0 spa d | ||
| 020 | _a9789586539876 | ||
| 040 |
_aCO-JMCR _cCO-JMCR |
||
| 041 | 0 | _aspa | |
| 082 | 0 | 4 |
_223 _a346.023861 / _bC718e |
| 110 | 2 |
_aColombia _98040 |
|
| 245 | 1 | 0 | _aEstatuto general de contratación de la administración pública / |
| 250 | _aOctava edición | ||
| 260 |
_aBogotá : _bLegis, _c2012 |
||
| 300 |
_axliii, 675 páginas ; _c24 cm. |
||
| 501 | _aCon todos los valores agregados Legis, Jurisprudencia, Doctrina, comentarios y concordancias. | ||
| 520 | 0 | _aEs el más novedoso sistema de información jurídica que trata cada materia con profundidad y que, además, permite al usuario conservar la edición de cada año, para formar una biblioteca histórica de consulta. | |
| 650 | 2 | 4 |
_aContratos administrativos _xLegislación _zColombia _935985 |
| 650 | 2 | 4 |
_aDerecho administrativo _zColombia _98206 |
| 650 | 2 | 4 |
_aContratos públicos _zLegislación _xColombia _935986 |
| 942 |
_2ddc _cBK |
||
| 999 |
_c15350 _d15350 |
||